LEADER 05473nam 22006854a 450 001 9910455589803321 005 20200520144314.0 010 $a1-282-76073-4 010 $a9786612760730 010 $a981-283-721-3 024 8 $z40017489792 035 $a(CKB)2490000000001698 035 $a(EBL)1681496 035 $a(OCoLC)860534836 035 $a(SSID)ssj0000411911 035 $a(PQKBManifestationID)11250329 035 $a(PQKBTitleCode)TC0000411911 035 $a(PQKBWorkID)10355347 035 $a(PQKB)11007794 035 $a(MiAaPQ)EBC1681496 035 $a(WSP)00000637 035 $a(Au-PeEL)EBL1681496 035 $a(CaPaEBR)ebr10422540 035 $a(CaONFJC)MIL276073 035 $a(EXLCZ)992490000000001698 100 $a20100426d2009 uy 0 101 0 $aeng 135 $aur|n|---||||| 181 $ctxt 182 $cc 183 $acr 200 03$aAn anthology of structural morphology$b[electronic resource] /$fedited by Rene? Motro 210 $aSingapore ;$aHackensack, NJ $cWorld Scientific$dc2009 215 $a1 online resource (211 p.) 300 $aDescription based upon print version of record. 311 $a981-283-720-5 320 $aIncludes bibliographical references. 327 $aCONTENTS; Preface; 1. The First 13 Years of Structural Morphology Group - A Personal View T. Wester; 1. The Background; 2. The Beginning; 3. Group Activities; 3.1.1. SMG1 - Montpellier Seminar 1992; 3.1.2. SMG2 - Stuttgart Seminar 1994; 3.1.3. SMG 3 - Nottingham Colloquium 1997; 3.1.4. SMG 4 - Delft Colloquium 2000; 3.1.5. SMG 5 - Montpellier Seminar (workshop) 2004; 3.2. SMG Newsletter; 3.3. SMG Activities at IASS Conferences e.g. Sessions, Meetings; 3.4. The SMG Seminar Proceedings (see also chapter 3.1); 4. Further Recent SMG-Relevant Reading; 5. Tsuboi Awards; 6. Research and End Notes 327 $aAcknowledgements2. An Approach to Structural Morphology R. Motro; Introduction; 1. Structural Morphology; 1.1. Structure and System; 1.1.1. Structure; 1.1.2. System; 1.1.3. Structure and System; 1.1.4. Conclusion; 1.2. Form and Structure; 1.3. The Design Process; 1.3.1. Structures and Constructions; 1.3.2. Design of Structures; 1.3.3. Modelling the Design Process; 1.4. Structural Morphology; 2. Landmarks; 2.1. Stone Cutting; 2.2. Geometry; 2.3. Bionics; 2.4. Equilibrium Forms; 3. Form and Meaning; 3.1. Structural Morphology and Art; 3.2. Order and Harmony; 3.3. Form and Meaning; Conclusion 327 $aReferences3. The Structural Morphology of Curved Diaphragms - Or the Structural Behaviour of Floral Polyhedra T. Wester; 1. Basic Stability in 3-Dimensional Space; 2. The Genus of Polyhedra; 3. Plane Faceted Polyhedra - Genus Zero; 4. Plane Faceted Polyhedra - Genus above Zero; 5. Infinite Polyhedra; 6. Floral Polyhedra; 7. Conclusion; References and Notes; 4. Polyhedroids P. Huybers; 1. Definition of Polyhedra; 2. Regular and Semi Semi-Regular Polyhedra; 3. Index Numbers for Polyhedra; 4. Close-Packings; 5. Prisms and Antiprisms; 6. Augmentation; 7. Sphere Subdivisions; 8. Sphere Deformation 327 $a9. Polyhedra in Building n9.1. Cubic and Prismatic Shapes; 9.2. Solitary Polyhedra; 9.3. Combinations; 9.4. Domes; 10. 3D-Slide Presentation; References; 5. Novational Transformations H. Nooshin, F. G. A. Albermani and P. L. Disney; 1. Introduction; 2. An Example; 3. Novations; 4. Sharp Novations; 5. Exponential Decay Novations; 6. Multiple Specifications; 7. Further Examples; 8. Indirect ED Novations; 9. Novation Function; Acknowledgements; References; 6. Some Structural-Morphological Aspects of Deployable Structures for Space Enclosures A. Hanaor; 1. General Principles 327 $a2. Double-Layer Grids2.1. Pantographic Grids; 2.2. Other DLG Bar Systems; 2.3. Strut-Cable Systems; 3. Single-Layer Retractable and Dismountable Grids; 3.1. Angulated Pantographic Grids; 3.2. Reciprocal Grids and Ruled Surfaces; 4. Masts and Spines for Fabric and Hybrid Structures; 4.1. Rigid Bar Grids; 4.2. Strut-Cable Systems; 5. Plate Structures tructures; 5.1. Folded Plates; 5.2. Curved Surfaces; 6. Tensioned Membrane Systems; 6.1. Fabric and Hybrid Structures; 6.2. Pneumatic Structures; 7. References; 7.1. General; 7.2. Double-Layer Pantographic Grids; 7.3. Double-Layer Bar Grids 327 $a7.4. Strut-Cable Systems (DLGs) 330 $a The structural morphology working group of the International Association for Shell and Spatial Structures, founded in 1991, has helped to launch several international seminars, newsletters and specific sessions of international conferences devoted to structural morphology. This book contains papers that have been selected either for their fundamental contribution to structural morphology or for their actual pertinence in the field. Polyhedral geometry, double-curved surfaces, biological structures, foldable systems, form-finding techniques, and free form design are some of the topics included 606 $aStructural analysis (Engineering) 606 $aStructural design 608 $aElectronic books. 615 0$aStructural analysis (Engineering) 615 0$aStructural design. 676 $a624.1 676 $a624.1/7 676 $a624.17 701 $aMotro$b Rene?$f1946-$0596330 801 0$bMiAaPQ 801 1$bMiAaPQ 801 2$bMiAaPQ 906 $aBOOK 912 $a9910455589803321 996 $aAn anthology of structural morphology$92172431 997 $aUNINA LEADER 02258oam 2200541M 450 001 9910715877403321 005 20191123063221.5 035 $a(CKB)5470000002515308 035 $a(OCoLC)1065981869 035 $a(OCoLC)995470000002515308 035 $a(EXLCZ)995470000002515308 100 $a20070221d1856 ua 0 101 0 $aeng 135 $aurcn||||||||| 181 $ctxt$2rdacontent 182 $cc$2rdamedia 183 $acr$2rdacarrier 200 10$aIn the Senate of the United States. July 30, 1856. -- Ordered to be printed. Mr. Collamer made the following report. (To accompany Bill S. 417.) The Committee on the Post Office and Post Roads, to whom was referred the petition of Jacob Hall, make the following report .. 210 1$a[Washington, D.C.] :$c[publisher not identified],$d1856. 215 $a1 online resource (1 page) 225 1 $aSenate report / 34th Congress, 1st session. Senate ;$vno. 252 225 1 $a[United States congressional serial set ] ;$v[serial no. 837] 300 $aTitle from opening lines of text. 300 $aBatch processed record: Metadata reviewed, not verified. Some fields updated by batch processes. 300 $aFDLP item number not assigned. 517 $aIn the Senate of the United States. July 30, 1856. -- Ordered to be printed. Mr. Collamer made the following report. 606 $aClaims 606 $aGovernment contractors 606 $aPillage 606 $aPostal service 606 $aPublic contracts 608 $aLegislative materials.$2lcgft 615 0$aClaims. 615 0$aGovernment contractors. 615 0$aPillage. 615 0$aPostal service. 615 0$aPublic contracts. 701 $aCollamer$b Jacob$f1791-1865$pOpposition (VT)$01401854 801 0$bWYU 801 1$bWYU 801 2$bOCLCO 801 2$bOCLCQ 801 2$bOCLCO 801 2$bOCLCQ 906 $aBOOK 912 $a9910715877403321 996 $aIn the Senate of the United States. July 30, 1856. -- Ordered to be printed. Mr. Collamer made the following report. (To accompany Bill S. 417.) The Committee on the Post Office and Post Roads, to whom was referred the petition of Jacob Hall, make the following report .$93519054 997 $aUNINA LEADER 03421nam 2200721 450 001 9910796972003321 005 20231211151816.0 010 $a1-5261-3886-7 010 $a1-5261-2475-0 024 7 $a10.7765/9781526124753 035 $a(CKB)4100000005116406 035 $a(MiAaPQ)EBC5446725 035 $a(OCoLC)1100961720 035 $a(MdBmJHUP)muse77795 035 $a(StDuBDS)EDZ0002253193 035 $a(DE-B1597)660377 035 $a(DE-B1597)9781526124753 035 $a(EXLCZ)994100000005116406 100 $a20180510e20202018 fy| 0 101 0 $aeng 135 $aurcnu|||||||| 181 $ctxt$2rdacontent 182 $cc$2rdamedia 183 $acr$2rdacarrier 200 00$aSpain in the nineteenth century $enew essays on experiences of culture and society /$fedited by Andrew Ginger, Geraldine Lawless$b[electronic resource] 210 1$aManchester :$cManchester University Press,$d2020. 215 $a1 online resource (ix, 274 pages, 8 pages of plates) $cillustrations 225 1 $aInterventions. Rethinking the nineteenth century. 225 0 $aManchester scholarship online. 300 $aPreviously issued in print: 2018. 311 $a1-5261-2474-2 320 $aIncludes bibliographical references and index. 327 $aIntroduction: Andrew Ginger and Geraldine Lawless -- 1 How (not) to make a durable state / Natalia Sobrevilla Perea -- 2 How to be universal / Andrew Ginger -- 3 How to tell time / Geraldine Lawless -- 4 How to be religious under liberalism / Gregorio Alonso -- 5 How to prescribe a cure for the ills of art / Oscar Vázquez -- 6 How to know about right and wrong / Alison Sinclair -- 7 How to be a man / Collin McKinney -- 8 How to be a writer for the press - and how to write about it / Rhian Davies -- 9 How to be a cultural entrepreneur / Henriette Partzsch -- 10 How to be a man of letters / Raquel Sánchez -- 11 How to be an intellectual / Luis G. Martínez del Campo -- 12 How to live a colonial soldier?s life / Catherine Davies -- Index 330 8 $aConfronted by a complex new society, nineteenth-century Spaniards wrestled with how to envisage their lives. From trying to be universal through to acting as a cultural entrepreneur, this volume explores the possibilities and uncertainties that unfolded in their reconfigured world. 410 0$aInterventions: rethinking the nineteenth century (Series) 606 $aLITERARY CRITICISM / General$2bisacsh 607 $aSpain$xSocial conditions$y19th century 607 $aSpain$xIntellectual life$y19th century 610 $aHispanic culture. 610 $aHispanic politics. 610 $aSpanish writers. 610 $abackwardness. 610 $acultural elite. 610 $aethnography. 610 $agender identity. 610 $aintellectual elite. 610 $anarrative techniques. 610 $anineteenth-century Spain. 610 $apopular literature. 610 $aracial differences. 610 $areligious figures. 610 $arhetorical techniques. 610 $atemporal dilemmas. 615 7$aLITERARY CRITICISM / General. 676 $a306.0946 702 $aGinger$b Andrew$f1970- 702 $aLawless$b Geraldine$f1979- 801 0$bStDuBDS 801 1$bStDuBDS 906 $aBOOK 912 $a9910796972003321 996 $aSpain in the nineteenth century$93801707 997 $aUNINA